01336nas a2200217 4545000010006000000050017000060080037000230030015000600400040000750800022001152450043001372640035001803100777002150410008009921000020010007000024010206500021010446500012010656500014010776500027010915398620260407193512.0260407s1961####ag###########|||spa#dAR-UNSa-BCEJYS aAR-UNSa-BCEJYSbspacAR-UNSa-BCEJYS a336.22xImpuestos10aLa informaciónpimpuestos-sociedades 1aBuenos Aires :bCangalloc1961 aFrecuencia: Semestral Revista La Información encudernada en tomos A partir del Tomo XII se agregan como Directores Oscar Parreño y Juan Pedro Castro Cambia de Director a partir del Tomo XIII por Juan Pedro Castro Cambia de Director a partir del Tomo XVI por Francisco Cholvis Cambia de Directores a partir del Tomo XVIII por Dino Jarach, Nicolas J. Scotti y Fernando H. Mascheroni Cambia de Directores a partir del Tomo XIX por Dino Jarach y Fernando H. Mascheroni Cambia de Directores a partir del Tomo XXXVI por Dino Jarach, Fernando H. Mascheroni y Valentin Rubio Cambia de Directores a partir del Tomo XLIII por Dino Jarach, Héctor Alegria y Valentin Rubio Cambia de Directores a partir del Tomo XLVII por Dino Jarach, Raúl Aníbal Etcheverry y Valentin Rubio aspa1 aRico, Manuel A.1 aNanclares, Elias A. aSeguridad social aTrabajo aIMPUESTOS aSOCIEDADES COMERCIALES